000 00384pab a2200145 454500
008 180718b1983 xxu||||| |||| 00| 0 eng d
100 _aDatta, Abhijit
245 _aDelhi
_bTwo decades of plan implementation
260 _c1983
300 _a37-45
650 _aCities and Towns - Growth - India - Delhi
700 _aGangadhar Jha
773 _aHabitat International
909 _a5383
999 _c5383
_d5383